Online Catalogue and eLibrary

Only man is vile : (Record no. 213)

MARC details
000 -LEADER
fixed length control field 00522pam a2200193 a 4500
001 - CONTROL NUMBER
control field 1070224
005 - DATE AND TIME OF LATEST TRANSACTION
control field 20240129062027.0
008 - FIXED-LENGTH DATA ELEMENTS--GENERAL INFORMATION
fixed length control field 910521s1992 nyub 001 0 eng
020 ## - INTERNATIONAL STANDARD BOOK NUMBER
ISBN 0330326791
040 ## - CATALOGING SOURCE (பட்டியலாக்க மூலம்)
Original cataloging agency DLC
Transcribing agency DLC
Modifying agency DLC
082 00 - DDC Classification
Class No. 954.9303
DDC Edition Number 20
Item Number - Author Mark WILL.
100 1# - MAIN ENTRY--PERSONAL NAME
Personal name McGowan, William,
245 10 - TITLE STATEMENT
Title Only man is vile :
Remainder of title the tragedy of Sri Lanka /
Statement of responsibility, etc. William McGowan.
250 ## - EDITION STATEMENT
Edition statement 1st ed.
260 ## - PUBLICATION, DISTRIBUTION, ETC.
Place of publication, distribution, etc. New York :
Name of publisher, distributor, etc. Farrar Straus Giroux,
Date of publication, distribution, etc. 1992.
300 ## - PHYSICAL DESCRIPTION
Extent (e.g. Volumes, Pages etc.) xiv, 397 p. :
500 ## - GENERAL NOTE
General note Includes index.
942 ## - Koha item type (Biblio)
Koha item type Books in Stacks (Lending)
Holdings
Lost status Damaged status Collection code Home library Current library Date acquired Full call number Accession Number Item type
    Lending WERC Library WERC Library 01/29/2024 954.9303 WILL. 1424 Books in Stacks (Lending)

© WERC Library